| 000 | 00353nam a22001457a 4500 | ||
|---|---|---|---|
| 020 | _qPB. | ||
| 040 | _cFIZZA ISHAQ | ||
| 082 |
_a006.312 _bROB |
||
| 100 |
_aLAYTON,ROBERT. _991551 |
||
| 245 |
_aLEARNING DATA MINING WITH PYTHON / _cROBERT LAYTON. |
||
| 250 | _a2nd ED. | ||
| 260 |
_aPACKT PUBLISHER ; _c2017. |
||
| 300 | _a340 P. ; | ||
| 942 |
_2ddc _cBK |
||
| 999 |
_c589681 _d589681 |
||